000 00459nam a2200169Ia 4500
008 151213s9999 xx 000 0 und d
020 _a984-32-1028-0
100 _aDr. ASM Sahahidul Haque
245 _aThe Art of the War & Marketing
_cDr. ASM Sahahidul Haque
250 _a1st
260 _aDhaka
_bProjonmo Prokash
_c2000
300 _a8325 p.
650 _aEnglish
650 _aEnglish Literature
700 _aDr. ASM Sahahidul Haque
999 _c4167
_d4167